Southville International School and Colleges
Your cart is empty.
  • Cart
  • Lists
    Public lists Eva Luna New books Lux_list list_1
    Your lists Log in to create your own lists
  • Log in to your account
  • Your cookies
  • Search history
Southville International School and Colleges
  • Advanced search
  • Recent comments
  • Most popular
  • Libraries

Log in to your account

Log in with GOOGLE


If you do not have an external account, but do have a local account, you can still log in:

  1. Home
  2. MARC view: Virus-X :
Normal view MARC view ISBD view

Virus-X : (Record no. 9373)

[ view plain ]
MARC details
000 -LEADER
fixed length control field 01039cam a2200301 a 4500
001 - CONTROL NUMBER
control field 1163262
003 - CONTROL NUMBER IDENTIFIER
control field SISC
005 - DATE AND TIME OF LATEST TRANSACTION
control field 20160212093743.0
008 - FIXED-LENGTH DATA ELEMENTS--GENERAL INFORMATION
fixed length control field 960705s1997 mauabf b 001 0 eng
010 ## - LIBRARY OF CONGRESS CONTROL NUMBER
LC control number 96030495
020 ## - INTERNATIONAL STANDARD BOOK NUMBER
International Standard Book Number 9780316763837
040 ## - CATALOGING SOURCE
Original cataloging agency DLC
Transcribing agency DLC
Modifying agency DLC
050 00 - LIBRARY OF CONGRESS CALL NUMBER
Classification number RA 643
Item number .R93 1997
082 00 - DEWEY DECIMAL CLASSIFICATION NUMBER
Classification number HS 614.4
Item number .R953 1997
100 1# - MAIN ENTRY--PERSONAL NAME
Personal name Ryan, Frank,
Dates associated with a name 1944-
9 (RLIN) 13397
245 10 - TITLE STATEMENT
Title Virus-X :
Remainder of title tracking the new killer plagues : out of the present and into the future /
Statement of responsibility, etc Frank Ryan.
250 ## - EDITION STATEMENT
Edition statement 1st ed.
260 ## - PUBLICATION, DISTRIBUTION, ETC. (IMPRINT)
Place of publication, distribution, etc Boston :
Name of publisher, distributor, etc Little, Brown and company,
Date of publication, distribution, etc c1997.
300 ## - PHYSICAL DESCRIPTION
Extent xvii, 430 p. [8] p. of plates :
Other physical details ill., map ;
Dimensions 24 cm.
500 ## - GENERAL NOTE
General note Includes index.
562 ## - COPY AND VERSION IDENTIFICATION NOTE
Number of copies 1
650 #0 - SUBJECT ADDED ENTRY--TOPICAL TERM
Topical term or geographic name as entry element Communicable diseases
General subdivision Epidemiology.
9 (RLIN) 13398
650 #0 - SUBJECT ADDED ENTRY--TOPICAL TERM
Topical term or geographic name as entry element Communicable diseases
General subdivision Popular works.
9 (RLIN) 13399
906 ## - LOCAL DATA ELEMENT F, LDF (RLIN)
a 7
b cbc
c orignew
d 1
e ocip
f 19
g y-gencatlg
942 ## - ADDED ENTRY ELEMENTS (KOHA)
Source of classification or shelving scheme Library of Congress Classification
Koha item type Books
Holdings
Withdrawn status Lost status Source of classification or shelving scheme Damaged status Home library Current library Shelving location Date acquired Total Checkouts Full call number Barcode Date last seen Date checked out Copy number Price effective from Koha item type
    Library of Congress Classification   Luxembourg Library Luxembourg Library High School Section 08/24/2013 2 RA 643 .R93 1997 4883 03/29/2019 03/27/2019 1 08/24/2013 Books

Virus-X :

APA

Ryan F., . (1997). Virus-X. Boston: Little, Brown and company.

Chicago

Ryan Frank, . 1997. Virus-X. Boston: Little, Brown and company.

Harvard

Ryan F., . (1997). Virus-X. Boston: Little, Brown and company.

MLA

Ryan Frank, . Virus-X. Boston: Little, Brown and company. 1997.

  • Place hold
  • Print
  • Cite
  • Add to your cart (remove)
  • Save record
    BIBTEX Dublin Core MARCXML MARC (non-Unicode/MARC-8) MARC (Unicode/UTF-8) MARC (Unicode/UTF-8, Standard) MODS (XML) RIS
  • More searches
    Search for this title in:
    Other Libraries (WorldCat) Other Databases (Google Scholar) Online Stores (Bookfinder.com) Open Library (openlibrary.org)

Exporting to Dublin Core...

SOUTHVILLE LIBRARY

Southville International School and Colleges Library

1281 Tropical Ave. Cor. Luxembourg St., BF Homes International, Las Pinas City

Tel. No. 8256374 / 252358 Loc. 117/146

Powered by Koha